000
00252nam a22000857a 4500
008
161202b xxu||||| |||| 00| 0 eng d
100
_9
1785
_a
Hornby. A. S
245
_a
Oxford advanced learners dictionary of current english
260
_a
America
_b
Standard
_c
2000
999
_c
4493
_d
4493